000 00513nam a2200181Ia 4500
005 20250326125015.0
008 250326s9999 xx 000 0 und d
037 _aTextbook
040 _aFMSL
_beng
_cFMSL
041 _aeng
_2eng
084 _aX:8M6 K6
_qFMSL
100 _aBertram W
_9738333
245 0 _aNew ways to better meetings
_cBertram W; Strauss F
260 _aLondon
_bLondon, Social Science Paperbacks
_c1966
300 _a180p
942 _cTB
_hX:8M6 K6
999 _c1276139
_d1276139